The Feynman lectures on physics / (Record no. 294)

MARC details
000 -LEADER
fixed length control field 01212nac a22003491ia4500
003 - CONTROL NUMBER IDENTIFIER
control field EG-ScBUE
005 - DATE AND TIME OF LATEST TRANSACTION
control field 20250611092149.0
008 - FIXED-LENGTH DATA ELEMENTS--GENERAL INFORMATION
fixed length control field 250410t2006 caua f 001 0 eng d
020 ## - INTERNATIONAL STANDARD BOOK NUMBER
International Standard Book Number 0805390464 (volume 1)
020 ## - INTERNATIONAL STANDARD BOOK NUMBER
International Standard Book Number 0805390472 (volume 2)
020 ## - INTERNATIONAL STANDARD BOOK NUMBER
International Standard Book Number 0805390499 (volume 3)
040 ## - CATALOGING SOURCE
Original cataloging agency EG-ScBUE
Language of cataloging eng
Description conventions rda
Transcribing agency EG-ScBUE
Modifying agency EG-ScBUE
082 04 - DEWEY DECIMAL CLASSIFICATION NUMBER
Classification number 530
Item number FEY
Edition number 22
100 1# - MAIN ENTRY--PERSONAL NAME
Personal name Feynman, Richard Phill,
Relator term author.
245 14 - TITLE STATEMENT
Title The Feynman lectures on physics /
Statement of responsibility, etc Feynman, Leighton, Sands.
250 ## - EDITION STATEMENT
Edition statement Definitive edition.
264 #1 - PUBLICATION, DISTRIBUTION, ETC. (IMPRINT)
Place of publication, distribution, etc San Francisco :
Name of publisher, distributor, etc Pearson/Addison-Wesley,
Date of publication, distribution, etc [2006]
264 #4 - PUBLICATION, DISTRIBUTION, ETC. (IMPRINT)
Date of publication, distribution, etc c2006
300 ## - PHYSICAL DESCRIPTION
Extent 3 volumes :
Other physical details illustrations ;
Dimensions 29 cm
336 ## - CONTENT TYPE
Source rdacontent
Content type term text
Content type code txt
337 ## - MEDIA TYPE
Media type term unmediated
Source rdamedia
Media type code n
338 ## - CARRIER TYPE
Carrier type term volume
Carrier type code nc
Source rdacarrier
500 ## - GENERAL NOTE
General note Originally published : 1963-1965.
500 ## - GENERAL NOTE
General note "Commemorative issue."
500 ## - GENERAL NOTE
General note Includes indexes.
505 0# - FORMATTED CONTENTS NOTE
Formatted contents note Volume 1. Mainly mechanics, radiation, and heat -- Volume 2. Mainly electromagnetism and matter -- Volume 3. Quantum mechanics.
650 #7 - SUBJECT ADDED ENTRY--TOPICAL TERM
Topical term or geographic name as entry element Physics.
Source of heading or term BUEsh
655 ## - INDEX TERM--GENRE/FORM
Form subdivision Reading book
700 1# - ADDED ENTRY--PERSONAL NAME
Personal name Leighton, Robert B.,
Relator term author.
700 1# - ADDED ENTRY--PERSONAL NAME
Personal name Sands, Matthew L.,
Relator term author.
942 ## - ADDED ENTRY ELEMENTS (KOHA)
Koha item type Book - Borrowing
Source of classification or shelving scheme Dewey Decimal Classification
Holdings
Withdrawn status Lost status Materials specified (bound volume or other part) Damaged status Not for loan Home library Current library Shelving location Date acquired Source of acquisition Total Checkouts Total Renewals Full call number Barcode Date last seen Date checked out Cost, replacement price Price effective from Koha item type
  Lost Lost_In_Inventory_12-2-2024     Central Library Central Library First floor 24/05/2007 Purchase 4 13 530 FEY 000004372 24/08/2022 01/06/2016 150.00 22/02/2006 Book - Borrowing
          Central Library Central Library First floor 24/05/2007 Purchase 4 14 530 FEY 000004371 15/07/2025 26/03/2017 150.00 22/02/2006 Book - Borrowing
          Central Library Central Library First floor 24/05/2007 Purchase     530 FEY 000004370 15/07/2025   150.00 22/02/2006 Book - Borrowing
          Central Library Central Library First floor 24/05/2007 Purchase 5 2 530 FEY 000004368 15/07/2025 06/12/2016 150.00 22/02/2006 Book - Borrowing
          Central Library Central Library First floor 24/05/2007 Purchase 10 17 530 FEY 000004367 15/07/2025 26/03/2017 150.00 22/02/2006 Book - Borrowing
          Central Library Central Library First floor 24/05/2007 Purchase 5   530 FEY 000004366 15/07/2025   150.00 22/02/2006 Book - Borrowing
          Central Library Central Library First floor 24/05/2007 Purchase 6 39 530 FEY 000004312 15/07/2025 29/09/2016 150.00 08/03/2006 Book - Borrowing
          Central Library Central Library First floor 24/05/2007 Purchase 8 9 530 FEY 000004311 15/07/2025 26/03/2017 150.00 08/03/2006 Book - Borrowing
          Central Library Central Library First floor 24/05/2007 Purchase 3   530 FEY 000004310 15/07/2025   150.00 08/03/2006 Book - Borrowing